000 00236nam a2200109Ia 4500
008 220204s9999 xx 000 0 und d
082 _a82-3
_bFOX
100 _aFox, George
245 0 _aAmok
260 _aLondon
_bPan
_c1978
942 _cBK
999 _c33927
_d33927